000 00503nam a2200157Ia 4500
999 _c16193
_d16193
003 OSt
005 20200606115900.0
008 190216s9999||||xx |||||||||||||| ||und||
040 _cMESKC library
082 _a891.433
_bPAN/V
245 0 _aViswa Lakhu Katha Sangrah /
_cCompiled by Rajendra Prasad Pandey & Harihara Prasad Chathurvedi
260 _bLok Sadana Kendre,
_aVarnasi :
_c2003.
300 _a199p
650 _aHindi
942 _cBK
_2ddc
_h891.433
_iPAN/V
_k891.433
_mPAN/V